000 00497nam a2200181Ia 4500
005 20250326125421.0
008 250326s9999 xx 000 0 und d
037 _aTextbook
040 _aFMSL
_beng
_cFMSL
041 _aeng
_2eng
084 _aZ2673 P4
_qFMSL
100 _aChandra R
_9739045
245 0 _aIssues of intellectual property rights
_cChandra R
260 _aDelhi
_bDelhi, ISHA Books
_c2004
300 _a306p
942 _cTB
_hZ2673 P4
999 _c1277967
_d1277967